LEADER 01040nam a2200229 i 4500 001 000000163363 003 CaOOAMICUS 005 20070724000000.0 008 070724s2000 it u000 u ita u 013 $a140727 040 $aSeMil$bita 100 1 $aPassuello, Barbara.$0(OLS)http://semarc/name/43654 245 13$aLa Chiesa del SS. Redentore e di Santa Maria di Loreto in Milano /$cB. Passuello ... [et al.]. 260 $aMilano :$b[s.n.],$c2000$e(Brugherio :$fGrafiche Parole nuove,$g2000) 300 $a204 p. :$bricc. ill. ;$c31 cm. 650 4$aMilano - Chiese - Santissimo Redentore.$0(OLS)http://semarc/subject/46353 650 4$aMilano - Chiese - Santa Maria di Loreto.$0(OLS)http://semarc/subject/46354 850 $aSeMil 852 $aSeMil$W1$xVenegono$y1$m3P V 344$j114658$B114658$CSeMilBibl$Z2$F127312 $81 961 $aOmaggio: Altro 996 $6245$aLa Chiesa del SS. Redentore e di Santa Maria di Loreto in Milano$9(OLS)http://semarc/title/233060 996 $6260$aMilano :$b[s.n.]$9(OLS)http://semarc/publisher/29709 LEADER 01432nam a2200313 i 4500 001 000000085755 003 CaOOAMICUS 005 20031028000000.0 008 031028s2003 it u000 u eng u 013 $a57995 020 $a88-8139-096-5 020 $a0-85244-469-9 040 $aSeMil$bita 100 1 $aDriscoll, Jeremy .$0(OLS)http://semarc/name/18098 245 10$aTheology at the eucharistic table :$bmaster themes in the theological tradition /$cJeremy Driscoll , O.S.B. 260 $aLeominster :$bGracewing,$ccopyr. 2003. 260 $aRoma :$bPontificio Ateneo S. Anselmo,$ccopyr. 2003. 300 $a251 p. ;$c25 cm. 490 0 $aStudia Anselmiana ;$v138 650 4$aEucaristia - Teologia sistematica.$0(OLS)http://semarc/subject/5569 830 0$aStudia Anselmiana ;$v138.$0(OLS)http://semarc/title/54 850 $aSeMil 852 $aSeMil$W1$xVenegono$y1$m2M V 231$j49614$B49614$CSeMilBibl$Z2$F53354 $81 961 $aSottoscrizione: Herder 996 $6020$a88-8139-096-5$9(OLS)http://semarc/number/66083 996 $6020$a0-85244-469-9$9(OLS)http://semarc/number/66084 996 $6245$aTheology at the eucharistic table :$bmaster themes in the theological tradition$9(OLS)http://semarc/title/132242 996 $6260$aRoma :$bPontificio Ateneo S. Anselmo$9(OLS)http://semarc/publisher/29636 996 $6260$aLeominster :$bGracewing$9(OLS)http://semarc/publisher/40217